The great doctrines of the Bible | (Record no. 2810)

MARC details
000 -LEADER
fixed length control field 00716cam a22002411 4500
001 - CONTROL NUMBER
control field 7293639
003 - CONTROL NUMBER IDENTIFIER
control field GBCCL
005 - DATE AND TIME OF LATEST TRANSACTION
control field 20241126110440.0
008 - FIXED-LENGTH DATA ELEMENTS--GENERAL INFORMATION
fixed length control field 771101s1912 xx 000 0 eng
035 ## - SYSTEM CONTROL NUMBER
System control number (OCoLC)3384965
040 ## - CATALOGING SOURCE
Original cataloging agency DLC
Transcribing agency MoSpE
Modifying agency OCoLC
-- DLC
042 ## -
-- premarc
050 00 -
-- BT77
-- .E82
082 ## - DEWEY DECIMAL CLASSIFICATION NUMBER
Classification number 230.041
Item number BOA
100 1# - MAIN ENTRY--PERSONAL NAME
Personal name Board, Stephen
9 (RLIN) 5916
245 14 - TITLE STATEMENT
Title The great doctrines of the Bible |
Statement of responsibility, etc. Stephen board.
260 ## - PUBLICATION, DISTRIBUTION, ETC.
Place of publication, distribution, etc. Illinios,
Name of publisher, distributor, etc. Harold shaw publishers
Date of publication, distribution, etc. 1992.
300 ## - PHYSICAL DESCRIPTION
Extent 77 p.
Dimensions 24 cm.
650 #0 - SUBJECT ADDED ENTRY--TOPICAL TERM
Topical term or geographic name entry element Theology, Doctrinal.
9 (RLIN) 14
710 2# - ADDED ENTRY--CORPORATE NAME
Corporate name or jurisdiction name as entry element Bible Institute Colportage Association (Chicago, Ill.)
9 (RLIN) 5917
906 ## - LOCAL DATA ELEMENT F, LDF (RLIN)
a 7
b cbc
c oclcrpl
d u
e ncip
f 19
g y-gencatlg
942 ## - ADDED ENTRY ELEMENTS (KOHA)
Source of classification or shelving scheme Dewey Decimal Classification
Koha item type Books
Koha issues (borrowed), all copies 1
Holdings
Withdrawn status Lost status Source of classification or shelving scheme Damaged status Not for loan Home library Current Library Shelving location Date acquired Total checkouts Full call number Barcode Date last seen Date last checked out Copy number Price effective from Koha item type
    Dewey Decimal Classification     GRACE BIBLE COLLEGE GRACE BIBLE COLLEGE Theology 2017-09-21 1 230.041 BOA 005931 2025-05-01 2018-10-16 c.1 2017-09-21 Books
© Grace Bible College Library 2025